000 00420nam a2200169Ia 4500
008 230524s9999 xx 000 0 und d
020 _a817020365X
082 _a658.3
_bPAR
100 _aVivek Paranjpe
245 0 _aStrategic Human Resource Planning
250 _aIST
260 _aNEW DELHI
_bAllied Publishers
_c2008
300 _aXV;175
500 _aQuantity Number: 25
650 _aManagement
942 _cBK
999 _c43257
_d43257